| 000 | 01334nam0a22002891 4500 | ||
|---|---|---|---|
| 001 | rc\3820678 | ||
| 005 | 20120410182041.1 | ||
| 021 |
_aRU _b[75-28838] |
||
| 035 | _a(NLR Aleph) 007275698 | ||
| 090 |
_a5456453 _c5456453 |
||
| 100 | _a20120410d1975 u y0rusy50 ca | ||
| 101 | 0 | _arus | |
| 102 |
_aRU _aRU |
||
| 105 | _ay z ||||| | ||
| 200 | 1 |
_aЯдерные реакторы - науке и технике _eРек. обзор литературы _fСост. К.А. Фролова. Науч. ред. Ю.В. Савинцев, д-р физ.-мат. наук, проф. _gГос. б-ка СССР им. В.И. Ленина. Центр. политехн. б-ка |
|
| 210 |
_aМосква _cКнига _d1975 |
||
| 215 |
_a14 с. _d17 |
||
| 225 | 1 | _aНовое в науке и технике | |
| 300 | _aНа обл. авт. не указан | ||
| 606 |
_aЯдерные реакторы _jОбзоры литературы _2psbo |
||
| 700 | 1 |
_7ca _8rus _aФролова _bК. А. _cбиблиограф _gКлара Александровна _92696999 _3RU\NLR\AUTH\770289931 |
|
| 712 | 0 | 2 |
_aГосударственная библиотека СССР им. В. И. Ленина _9302659 _3RU\NLR\AUTH\8814673 |
| 801 | 0 |
_aRU _bNLR _gpsbo |
|
| 801 | 1 |
_aRU _bELAR _2rusmarc |
|
| 852 |
_aNLR _jС119-660/Ф-91 |
||
| 942 | _cUNSPEC | ||
| 980 | _aNB | ||